000 00306nam a2200121Ia 4500
008 240624s9999 xx 000 0 und d
041 _aeng
082 _a332.642 BRO
100 _aBROKERS FORUM
245 _aOPERATIONS MANUAL
260 _c2015
_aManualMumbai
_bBrokers Forum
300 _a506 : p. : cm. ; 28
999 _c24044
_d24044